miasta w Polsce na literę P - Statystyki

Ogólne statystyki
  • Ten quiz został rozwiązany 26 razy
  • Średni wynik to 29 z 83
Statystyki odpowiedzi
województwo miasto % Poprawnych
wielkopolskie Poznań
100%
wielkopolskie Piła
92%
łódzkie Pabianice
83%
mazowieckie Piaseczno
71%
łódzkie Piotrków Trybunalski
71%
mazowieckie Płock
67%
mazowieckie Pruszków
67%
podkarpackie Przemyśl
67%
pomorskie Puck
67%
lubelskie Puławy
63%
śląskie Piekary Śląskie
58%
warmińsko-mazurskie Pisz
58%
mazowieckie Przasnysz
58%
mazowieckie Pułtusk
58%
mazowieckie Płońsk
54%
zachodniopomorskie Police
54%
dolnośląskie Polkowice
54%
łódzkie Pajęczno
50%
lubelskie Piaski
50%
lubelskie Parczew
46%
świętokrzyskie Pińczów
46%
kujawsko-pomorskie Pruszcz
46%
śląskie Pszczyna
46%
świętokrzyskie Pacanów
42%
mazowieckie Piastów
42%
mazowieckie Pionki
42%
świętokrzyskie Połaniec
42%
pomorskie Pruszcz Gdański
42%
podkarpackie Przeworsk
42%
śląskie Pilica
38%
kujawsko-pomorskie Piotrków Kujawski
38%
pomorskie Prabuty
38%
małopolskie Proszowice
38%
mazowieckie Przysucha
38%
warmińsko-mazurskie Pasłęk
33%
łódzkie Piątek
33%
mazowieckie Pilawa
33%
wielkopolskie Pleszew
33%
dolnośląskie Polanica-Zdrój
33%
zachodniopomorskie Połczyn-Zdrój
33%
opolskie Prudnik
33%
warmińsko-mazurskie Pasym
29%
pomorskie Pelplin
29%
wielkopolskie Pobiedziska
29%
lubelskie Poniatowa
29%
opolskie Prószków
29%
dolnośląskie Przemków
29%
zachodniopomorskie Pyrzyce
29%
opolskie Paczków
25%
warmińsko-mazurskie Pieniężno
25%
zachodniopomorskie Płoty
25%
łódzkie Poddębice
25%
mazowieckie Podkowa Leśna
25%
opolskie Praszka
25%
wielkopolskie Puszczykowo
25%
wielkopolskie Pyzdry
25%
dolnośląskie Pieńsk
21%
podkarpackie Pilzno
21%
lubelskie Piszczac
21%
wielkopolskie Pniewy
21%
podkarpackie Przecław
21%
śląskie Pszów
21%
śląskie Pyskowice
21%
kujawsko-pomorskie Pakość
17%
łódzkie Parzęczew
17%
dolnośląskie Pieszyce
17%
małopolskie Piwniczna-Zdrój
17%
zachodniopomorskie Polanów
17%
wielkopolskie Poniec
17%
dolnośląskie Prochowice
17%
podkarpackie Pruchnik
17%
dolnośląskie Prusice
17%
łódzkie Przedbórz
17%
zachodniopomorskie Pełczyce
13%
dolnośląskie Piechowice
13%
świętokrzyskie Piekoszów
13%
dolnośląskie Piława Górna
13%
wielkopolskie Pogorzela
13%
wielkopolskie Przedecz
13%
mazowieckie Przytyk
13%
świętokrzyskie Pierzchnica
8%
śląskie Poręba
4%
śląskie Przyrów
4%
Nie znaleziono quizów pasujących do podanych kryteriów
Rozkład punktacji
Procent ludzi z każdym wynikiem
Percentyl według liczby udzielonych odpowiedzi
Twoja historia wyników
Nie rozwiązałeś tego quizu